TRANSFER 2016 využívanie nových poznatkov v strojárskej praxi : 17. medzinárodná vedecká konferencia

Bibliographic Details
Corporate Author: TRANSFER Trenčianske Teplice, Slovensko
Format: Conference Proceeding Software eBook
Language:Slovak
English
PhysicalDescription:1 elektronický optický disk (CD-ROM) fareb. 12 cm
Published: V Trenčíne Trenčianska univerzita Alexandra Dubčeka, Fakulta špeciálnej techniky 2016
ISBN:9788080757564
Subjects:

MARC

LEADER 00000nam a2200000 a 4500
001 vtls011604859
003 SK-MaSNL
005 20260302015251.0
007 co cg muuua
008 180122s2016 xo | fs 100 0 slo
015 |a SNBS2017 
020 |a 9788080757564  |q (elektronická kniha) 
040 |a SNK  |b slo  |c SNK  |e AACR2 
041 0 |a slo  |a eng 
044 |a xo  |c SK 
072 7 |a 621  |x Strojárstvo  |2 konspekt 
080 |a 621  |2 2011 
080 |a 621.7/.9  |2 2011 
080 |a 620.2:621  |2 2011 
080 |a (062.534)  |2 2011 
080 |a (0.034.44)  |2 2011 
111 2 |a TRANSFER  |n (17. :  |d 2016 :  |c Trenčianske Teplice, Slovensko)  |9 660808 
245 1 0 |a TRANSFER 2016  |h elektronický zdroj  |b využívanie nových poznatkov v strojárskej praxi : 17. medzinárodná vedecká konferencia 
246 3 3 |a Využívanie nových poznatkov v strojárskej praxi 
246 3 1 |a TRANSFER 2016  |b exploitation of New Knowledge in Engineering Practice : 17th International Scientific Conference 
260 |a V Trenčíne  |b Trenčianska univerzita Alexandra Dubčeka, Fakulta špeciálnej techniky  |c 2016 
300 |a 1 elektronický optický disk (CD-ROM)  |b fareb.  |c 12 cm 
500 |a Názov z titulnej obrazovky 
504 |a Bibliogr. odkazy 
516 |a Textový dokument (zborník), súbory vo formáte html, pdf a i. 
538 |a Technické požiadavky: internetový prehliadač, PDF prehliadač 
546 |a Text čiast. v angl. 
650 0 7 |a strojárstvo  |2 SNKPH  |9 674 
650 0 7 |a strojárska technológia  |2 SNKPH  |9 65980 
650 0 7 |a strojárske materiály  |2 SNKPH  |9 67890 
650 0 7 |a Mechanical engineering  |2 SNKPHeng  |9 275771 
650 0 7 |a Mechanical technology  |2 SNKPHeng  |9 270257 
650 0 7 |a Engineering materials  |2 SNKPHeng  |9 353029 
655 7 |a elektronické zdroje  |2 SNKPH  |9 90954 
655 7 |a CD-ROM  |2 SNKPH  |9 70236 
655 7 |a zborníky konferencií  |2 SNKPH  |9 70153 
655 7 |a Electronic resources  |2 SNKPHeng  |9 175546 
655 7 |a Proceedings of conferences  |2 SNKPHeng  |9 265791 
752 |a Slovensko  |d Trenčín 
919 |a 978-80-8075-756-4 
958 |a NB 
999 |c 1020399  |d 1022329 
952 |a SNK  |b SNK  |y PREZ  |7 0  |p 17A1251223  |o snkSCDM 8990  |i snk2017/1424  |8 0  |0 0  |1 0  |4 0  |d 2017-01-18  |l 0  |r 2026-02-24 13:22:02  |w 2026-02-24 
952 |a SNK  |b SNK  |y PREZ  |7 0  |p 17A1251224  |o snkSCDM 8990 D1  |i snk2017/1425  |8 0  |0 0  |1 0  |4 0  |d 2017-01-18  |l 0  |r 2026-02-24 13:22:02  |w 2026-02-24